|
|
|
|
| LEADER |
00000nam a2200000 a 4500 |
| 001 |
vtls001057962 |
| 003 |
SK-MaSNL |
| 005 |
20260331202746.0 |
| 008 |
210928s1971 xr 0 cze |
| 035 |
|
|
|a SNK000000770
|
| 040 |
|
|
|a SNK
|b slo
|c SNK
|e AACR2
|
| 041 |
0 |
|
|a cze
|
| 044 |
|
|
|a CZ
|
| 100 |
1 |
|
|a Bartošová, Soňa
|4 zos
|9 375045
|
| 245 |
0 |
|
|a Soupis slovníků a encyklopedií z fondu Ústřední zemědělské a lesnické knihovny ÚVTI
|n 2. díl
|p Slovníky a encyklopedie z oboru zemědělství, lesnictví a potravinářství ; fZprac. S. Bartošová, D. Třešňáková
|
| 260 |
|
|
|a Praha
|b ÚVTI
|c 1971
|
| 300 |
|
|
|a 185, [1] s.
|c 8°
|
| 700 |
1 |
|
|a Třešňáková, D.
|4 zos
|9 513592
|
| 958 |
|
|
|a RK
|
| 958 |
|
|
|a OND
|
| 999 |
|
|
|c 1133137
|d 1135067
|
| 952 |
|
|
|t P60, <04>, [BOOK], {604}
|a SNK
|b SNK
|y VYP
|7 0
|o snkID 58305/2
|i snkKIP 8719/72
|0 0
|1 0
|4 0
|d 1995-03-14
|l 0
|r 2004-12-31 00:00:00
|w 2026-02-24
|
| 952 |
|
|
|t P60, <04>, [BOOK], {604}
|a SNK
|b SNK
|y VYP
|7 0
|o snkID 58305/2 D1
|i snkKIP 8720/72
|0 0
|1 0
|4 0
|d 1995-03-14
|l 0
|r 2004-12-31 00:00:00
|w 2026-02-24
|